| 000 | 00450nam a2200169 a 4500 | ||
|---|---|---|---|
| 005 | 20140310183203.0 | ||
| 008 | 030124s19uu xx 00 eng d | ||
| 020 | _a0061093653 | ||
| 050 |
_aPR 6051.R285 _b.Ar671 1995 |
||
| 100 | _aArcher, Jeffrey | ||
| 245 |
_aTwelve red herrings / _cJeffrey Archer. |
||
| 260 |
_aNew York ; _bHarper Paperback, _c1995. |
||
| 300 |
_a366 p. : _c17 cm. |
||
| 650 | _aFiction | ||
| 942 |
_cBK _2lcc |
||
| 999 |
_c19906 _d19906 |
||